Racconti fantastici /
Saved in:
| Hovedforfatter: | |
|---|---|
| Format: | Bog |
| Sprog: | italiensk |
| Udgivet: |
Firenze :
C. Tedeschi,
2002
|
| Tags: |
Ingen Tags, Vær først til at tagge denne postø!
|
MARC
| LEADER | 00000nam a22000007i 4500 | ||
|---|---|---|---|
| 001 | IT\ICCU\CFI\0543854 | ||
| 003 | ItRI | ||
| 005 | 20250929110919.0 | ||
| 008 | 030109s2002 it |||||| ||||| |||||c | ||
| 040 | |b ita |c ct | ||
| 041 | 7 | |a ita |2 ISO-639-2 | |
| 082 | |a 853.914 |2 21 | ||
| 100 | 1 | |a Cristofani, Mauro |0 IT\ICCU\CFIV\000094 |4 aut | |
| 245 | 1 | 0 | |a Racconti fantastici / |c Mauro Cristofani ; illustrazioni dell'autore. |
| 260 | |a Firenze : |b C. Tedeschi, |c 2002 | ||
| 300 | |a 143 p. : |b ill. ; |c 24 cm. | ||
| 942 | |2 ddc |c BK | ||
| 952 | |0 0 |1 0 |2 ddc |4 0 |6 B_LNR03CRIMARAC11 |7 0 |9 6999 |a MI |b MI |d 2009-08-31 |i 5514 |l 0 |o B-LNR03-CRIMA-RAC11 |p CDOM5514 |r 2025-07-13 16:28:00 |w 2025-07-13 |x DONO |y BK | ||
| 952 | |0 0 |1 0 |2 ddc |4 0 |6 B_LNR03CRIMARAC12 |7 0 |9 7000 |a MI |b MI |d 2009-09-18 |i 5651 |l 0 |o B-LNR03-CRIMA-RAC12 |p CDOM5651 |r 2025-07-13 16:28:00 |w 2025-07-13 |x DONO |y BK | ||
| 982 | 1 | |6 z01 |a n | |
| 999 | |c 5716 |d 5716 | ||